000
00334nam a2200133Ia 4500
008
240624s9999 xx 000 0 und d
041
_a
eng
082
_a
384.3 STE
100
_a
STEINBOCK DAN
245
_a
COMPETITION FOR THE MOBILE INTERNET
260
_c
2003
_a
New York
_b
Springer
300
_a
viii, : 223 : p.
365
_c
ERU
_b
30
999
_c
27151
_d
27151